Markety w Polsce Edycja 2026 - Statystyki

Ogólne statystyki
  • Ten quiz został rozwiązany 47 razy
  • Średni wynik to 7 z 20
Statystyki odpowiedzi
Hint Odpowiedź % Poprawnych
3. Biedronka
95%
1. Dino
82%
5. Żabka
74%
6. Lewiatan
69%
13. Stokrotka
59%
12. Aldi
56%
18. Carrefour
49%
2. Netto
49%
17. ABC
36%
4. Polo Market
26%
20. Intermarche
23%
14. OdiDo
21%
10. Action
18%
15. Pepco
18%
7. Społem
18%
9. Dealz
13%
11. Mrówka
8%
19. Top Market
8%
8. Topaz
5%
16. Kik
3%
Nie znaleziono quizów pasujących do podanych kryteriów
Rozkład punktacji
Procent ludzi z każdym wynikiem
Percentyl według liczby udzielonych odpowiedzi
Twoja historia wyników
Nie rozwiązałeś tego quizu